| 000 | 01675nac a22002051u 4500 | ||
|---|---|---|---|
| 020 | _a8170082153 | ||
| 082 |
_a620.112 _bP9845 |
||
| 090 |
_c1024 _d1024 |
||
| 100 | _aPunmia, B.C. | ||
| 245 |
_aMechanics of materials / _bB.c. Punmia, Ashok KumarJain, Arun Kumar Jain. |
||
| 260 |
_aNew Delhi : _bLaxmi Publications,2003 _c2003. |
||
| 300 |
_a952 p. : _bill. ; _c24 cm. |
||
| 500 | _aIncludes index. | ||
| 505 | _a1. Mechanical Properties of Materials; 2. Simple Stresses and Strains; 3. Elastic Constants; 4. Analysis of Stress: Principal Stresses; 5. Analysis of Strain: Principal Strains; 6. Strain Energy, Resilience and Impact Loading; 7. Theories of Elastic Failure; 8. Centroids and Moments of Inertia of Plane Areas; 9. Shear Force and Bending Moment; 10. Bending Stresses in Beams; 11. Shearing Stresses in Beams; 12. Deflection of Beams: I Double Integration Method; 13. Deflection of Beams: II Area Moment Method; 14. Deflection of Beams: III Conjugate Beam Method; 15. Deflection of Beams: IV Strain Energy Method; 16. Fixed Beams; 17. Continous Beams; 18. Combined Direct and Bending Stresses; 19. Masonry Structures (Retaining Walls, Dams and Chimneys); 20. Columns; 21. Torsion of Shafts; 22. Springs; 23. Thin Cylinders and Spheres; 24. Thick Cylinders and Spheres; 25. Analysis of Perfect Frames; 26. Riveted Connections; 27. Welded Connections | ||
| 650 | _aStrength of materials. | ||
| 700 | _aJain, Ashok Kumar. | ||
| 700 | _aJain, Arun Kumar. | ||
| 942 |
_cBB _k620.112P9845 |
||
| 999 |
_c1024 _d1024 |
||